| 000 | 00554nam a22001697a 4500 | ||
|---|---|---|---|
| 003 | OSt | ||
| 005 | 20171010095452.0 | ||
| 008 | 120628t xxu||||| |||| 00| 0 eng d | ||
| 040 |
_aMMSU _cULS |
||
| 100 |
_aBandayrel, James M. _910842 |
||
| 245 |
_aReading diet inventory of college freshmen _cJames M. Bandayrel |
||
| 260 | _c2008 | ||
| 300 |
_axiii, 58 leaves _c28 cm. |
||
| 500 | _aThesis (AB English Studies) -- Mariano Marcos State University-College of Arts & Sciences, Batac City | ||
| 504 | _aBibliography: leaves 50-51 | ||
| 942 |
_2ddc _cTHEDIS |
||
| 999 |
_c9610 _d9610 |
||